Responses for Show #5334 - Thursday, November 15, 2007

2007 Tournament of Champions final game 1.

Contestants

[<< previous game]

Doug Hicton, a composer originally from Regina, Saskatchewan, Canada

Cliff Galiher, a student from Half Moon Bay, California

Celeste DiNucci, a recent graduate student from Philadelphia, Pennsylvania

[next game >>]

Jeopardy! Round responses

BALLET
IT'S ONLY ROCK & ROLL
ALSO A TOOL
HABEAS CORPSES
FINANCE
"IRA"
    $200 10
Edinburgh

Celeste
    $200 16
McCartney

Celeste
    $200 1
(Alex: Yeah, you're too young to know that, but... go again.)
[Laughter]

a screwdriver

Cliff
    $200 15
Lincoln

Celeste
    $200 26
a conspiracy theory

Doug
    $400 11
spring

Cliff
    $400 17
The Police

Celeste
    $400 2
the axe

Celeste
    $400 21
Christopher Columbus

Celeste
    $400 6
perspiration

Cliff
    $600 12
(Celeste: Who is Tallchief?)
(Alex: Which one?)

Maria Tallchief

Celeste
    $600 18
Pink

Triple Stumper
    $600 3
the hammer

Doug
    $600 22
Eva Peron

Doug
    $600 28
(Doug: What's a triangle?)
...
[The end-of-round signal sounds.]

a pyramid

CelesteDoug
    $1,400 7
piracy

Cliff
    $800 13
the Camellias

Celeste
    $800 19
Smashing Pumpkins

Triple Stumper
    $800 4
a brush

Cliff
    $800 23
(Celete: ...Uchh... ww!--Who is Debs?)
...
(Alex: Gotta think of the music. "The Ballad of [*]".)

Joe Hill

Celeste
Triple Stumper
    $800 27
a trust fund

Celeste
    $800 8
shiraz

Celeste
    $1000 14
Diaghilev

Cliff
    $1000 20
(Alex: [When no one responds to the third clue in a row] Okay, ran into a little bend in the road there...)

Linkin Park

Triple Stumper
    $1000 5
a rake

Doug
    $1000 24
Jeremy Bentham

Doug
    $1000 25
a correction

Triple Stumper
    $1000 9
a miracle play

Celeste

Scores at the first commercial break (after clue 15):

Celeste Cliff Doug
$4,000 $4,200 $1,600

Scores at the end of the Jeopardy! Round:

Celeste Cliff Doug
$5,600 $4,200 $2,800

Double Jeopardy! Round responses

LITERARY BEFORE & AFTER
WAR MOVIES
THE RULE OF THIRDS
ISLANDS
HISTORIC BIRTH ANNOUNCEMENTS
(Alex: Maybe not real ones.)
AFRICAN LANGUAGE LAB
    $400 23
Troy

Cliff
    $400 14
Rhodes

Doug
    $400 5
Jesse James

Doug
    $800 22
Coming Home

Cliff
    $800 1
(Cliff: Who is Meir?)

Indira Gandhi

CliffDoug
    $800 18
the Channel Islands

Doug
    $800 6
Henry VIII

Celeste
    $800 10
safari

Doug
    $1200 24
From the Earth to the Moonstone

Triple Stumper
    $1200 19
Tora! Tora! Tora!

Cliff
    $1200 2
the Third Degree

Triple Stumper
    $1200 17
Taiwan

Cliff
    $3,000 7
(Alex: Yes. Go with that first thought. Your instincts were right.)

the Edsel

Celeste
    $1200 11
gumbo

Doug
    $1600 25
(Doug: What... is... On the Road Less Traveled?)

On the Road Not Taken

Doug
Triple Stumper
    $1600 20
(Cliff: What is They Died with Their Boots On?)
...
(Alex: That is it, yes. Not Custer.)

Charge of the Light Brigade

CliffDoug
    $3,000 3
Ross Perot

Doug
    $1600 16
Bahrain

Celeste
    $1600 8
Aristotle Onassis

Celeste
    $1600 12
trek

Celeste
    $2000 26
[The end-of-round signal sounds.]

The Light in August Strindberg

Cliff
    $2000 21
(Alex: James Mason as Erwin Rommel.)

The Desert Fox

Triple Stumper
    $2000 4
Jamaica

Doug
    $2000 15
Corsica

Doug
    $2000 9
(Arthur James) Balfour

Doug
    $2000 13
the Bantu languages

Triple Stumper

Scores at the end of the Double Jeopardy! Round:

Celeste Cliff Doug
$14,200 $7,400 $16,200

Final Jeopardy! Round responses

SCIENTISTS
CliffWho is Crick?
$4,600
CelesteWho is J. Watson?
$5,800
DougWho was Pauling...?
$3,800
James Watson

Final scores:

Celeste Cliff Doug
$20,000 $2,800 $12,400

Game dynamics:

Coryat scores:

Celeste Cliff Doug
$12,400 $6,600 $14,800
17 R
(including 1 DD),
1 W
11 R
(including 1 DD),
2 W
16 R
(including 1 DD),
2 W

Combined Coryat: $33,800

[game clues] [game scores] [suggest correction]

Game tape date: 2007-10-10
The J! Archive is created by fans, for fans. Scraping, republication, monetization, and malicious use prohibited; this site may use cookies and collect identifying information. See terms. The Jeopardy! game show and all elements thereof, including but not limited to copyright and trademark thereto, are the property of Jeopardy Productions, Inc. and are protected under law. This website is not affiliated with, sponsored by, or operated by Jeopardy Productions, Inc. Join the discussion at JBoard.tv.